Normal view
MARC view
- Software Engineering - MS Thesis
Entry Topical Term
001 - CONTROL NUMBER
- control field: 16149
003 - CONTROL NUMBER IDENTIFIER
- control field: NUST
005 - DATE AND TIME OF LATEST TRANSACTION
- control field: 20190701063227.0
008 - FIXED-LENGTH DATA ELEMENTS
- fixed length control field: 190701|| aca||aabn | a|a d
040 ## - CATALOGING SOURCE
- Original cataloging agency: NUST
- Transcribing agency: NUST
150 ## - HEADING--TOPICAL TERM
- Topical term or geographic name entry element: Software Engineering - MS Thesis
670 ## - SOURCE DATA FOUND
- Source citation: Work cat.: (NUST): Ahmed, Muhammad Waqas 16148, An Assessment Resource Kit for Adapting ABET culture /, 2012.
